000 00373nam a2200145Ia 4500
008 151213s9999 xx 000 0 und d
100 _aThomas Craven.
245 _aGreek Art
_cThomas Craven.
260 _aU S A
_bAphrodite of Melos
_c1950
300 _a8856 p.
650 _aEnglish Literature
650 _aEnglish Literature
700 _aThomas Craven.
999 _c4641
_d4641